[Event "Pilsen Region-chT 2223"]
[Site "Czech Republic"]
[Date "2023.04.02"]
[Round "11.5"]
[White "Vacha, Jaroslav"]
[Black "Turner, Radek"]
[Result "1-0"]
[WhiteElo "1939"]
[BlackElo "2000"]
[PlyCount "51"]
[EventDate "2022.10.09"]
[EventType "team-tourn"]
[EventRounds "11"]
[EventCountry "CZE"]
[SourceTitle "EXT 2024"]
[Source "ChessBase"]
[SourceDate "2023.10.10"]
[SourceVersion "1"]
[SourceVersionDate "2023.10.10"]
[SourceQuality "1"]
[WhiteTeam "Tachov"]
[BlackTeam "Line IV"]
[WhiteTeamCountry "CZE"]
[BlackTeamCountry "CZE"]

1. e4 e6 2. d4 d5 3. e5 c5 4. c3 Nc6 5. Nf3 Bd7 6. Bd3 Qb6 7. 0-0 cxd4 8. cxd4 Nxd4 9. Nxd4 Qxd4 10. Nc3 Ne7 11. Nb5 Qxe5 12. Re1 Qb8 13. Qf3 Bxb5 14. Bxb5+ Nc6 15. Qxd5 Qd6 16. Qf3 Rc8 17. Rd1 Qc5 18. Qd3 Qe7 19. Bf4 a6 20. Bxc6+ Rxc6 21. Rac1 e5 22. Rxc6 bxc6 23. Qxa6 Qc5 24. Qc8+ Ke7 25. Bg5+ f6 26. Qd7# 1-0

[Event "CZE-chT2A 2223"]
[Site "Czech Republic"]
[Date "2023.01.08"]
[Round "6.7"]
[White "Zeman, Martin"]
[Black "Turner, Radek"]
[Result "1/2-1/2"]
[WhiteElo "1945"]
[BlackElo "1988"]
[PlyCount "176"]
[EventDate "2022.10.16"]
[EventType "team-tourn"]
[EventRounds "11"]
[EventCountry "CZE"]
[SourceTitle "EXT 2024"]
[Source "ChessBase"]
[SourceDate "2023.10.10"]
[SourceVersion "1"]
[SourceVersionDate "2023.10.10"]
[SourceQuality "1"]
[WhiteTeam "Pribram"]
[BlackTeam "Line II"]
[WhiteTeamCountry "CZE"]
[BlackTeamCountry "CZE"]

1. e4 e6 2. d4 d5 3. Nc3 Bb4 4. e5 c5 5. a3 Bxc3+ 6. bxc3 Qa5 7. Bd2 Qa4 8. Qb1 c4 9. g3 Nc6 10. Bg2 Nge7 11. f4 Bd7 12. Nf3 0-0-0 13. Nh4 Rdf8 14. 0-0 g6 15. Qd1 h6 16. Be3 Qa5 17. Qe1 Qd8 18. a4 Na5 19. Bc1 Rfg8 20. Ba3 Qe8 21. Bb4 Nec6 22. Nf3 b6 23. Ra3 Nb7 24. Ra2 Nca5 25. Qa1 Qd8 26. Nd2 Qc7 27. Be7 Re8 28. Bf6 Rhg8 29. Rf2 Nc6 30. Nf1 Nb8 31. Ne3 Bc6 32. Ng4 Nd7 33. Nxh6 Nxf6 34. exf6 Rh8 35. Ng4 Rh7 36. Bf3 Qd8 37. Ne5 Na5 38. Ng4 Rg8 39. h4 Kc7 40. Qe1 Kb7 41. Qf1 Qe8 42. Ne5 Qd8 43. Ng4 Qe8 44. Qb1 Ka8 45. Qb4 Qd7 46. Rf1 Rc8 47. Ne5 Qd8 48. Ng4 Rc7 49. Rb2 Rh8 50. Kg2 Qe8 51. Ne5 Qd8 52. Ng4 Qe8 53. Qd6 Rd7 54. Qe5 Bxa4 55. Ra1 Bc6 56. Ne3 Bb7 57. h5 gxh5 58. Bxh5 Qg8 59. g4 Nc6 60. Qg5 Qxg5 61. fxg5 Rg8 62. Rxb6 Rxg5 63. Rb5 e5 64. Nxd5 Nd8 65. Rxb7 Kxb7 66. Rb1+ Ka8 67. Ne3 exd4 68. cxd4 Rxd4 69. Kf3 Rd6 70. Kf4 Ne6+ 71. Kg3 Rd7 72. Nxc4 Rc5 73. Ne3 a5 74. Ra1 Ka7 75. c4 Rd3 76. Kf2 Rd2+ 77. Kf3 Rd4 78. Kg3 Rd3 79. Kf2 Ng5 80. Ke2 Rd6 81. Nd5 Rxc4 82. Rxa5+ Kb7 83. Ne3 Re4 84. Rxg5 Rxf6 85. Rg7 Re7 86. Kd3 Rd6+ 87. Kc4 Rc7+ 88. Kb5 Rb6+ 1/2-1/2

[Event "CZE-ch"]
[Site "Plzen"]
[Date "2020.08.25"]
[Round "3"]
[White "Turner, Radek"]
[Black "Jezek, Jan"]
[Result "0-1"]
[WhiteElo "2024"]
[BlackElo "2162"]
[PlyCount "116"]
[EventDate "2020.08.23"]
[EventType "swiss"]
[EventRounds "9"]
[EventCountry "CZE"]
[SourceTitle "CBM 198 Extra"]
[Source "ChessBase"]
[SourceDate "2020.11.30"]
[SourceVersion "1"]
[SourceVersionDate "2020.11.30"]
[SourceQuality "1"]

1. c4 d6 2. g3 c6 3. Bg2 Nf6 4. Nc3 e5 5. e3 Be6 6. b3 Na6 7. Nge2 Be7 8. d4 Qc8 9. h3 h5 10. e4 Nc7 11. Ba3 c5 12. dxe5 dxe5 13. Nd5 Bxd5 14. cxd5 Nb5 15. Bb2 Bd6 16. Rc1 Qd8 17. 0-0 h4 18. f4 Nd7 19. a4 Nd4 20. Nxd4 cxd4 21. fxe5 Nxe5 22. Bxd4 hxg3 23. Rf5 f6 24. Rh5 Ke7 25. Bxe5 Bxe5 26. Rxe5+ fxe5 27. Qg4 Qb6+ 28. Kh1 Rhg8 29. Qg5+ Qf6 30. Qxg3 Qf4 31. Qc3 Rgc8 32. Qb4+ Ke8 33. Qb5+ Kf8 34. Rc4 Rxc4 35. Qxc4 Qf7 36. Qc5+ Kg8 37. d6 Qf6 38. Qd5+ Kh7 39. Qxb7 Rd8 40. d7 Qd6 41. Qxa7 Rxd7 42. Qf2 Rb7 43. Qf5+ g6 44. Qf3 Kg7 45. Bf1 Rf7 46. Qd3 Qf6 47. Bg2 Rc7 48. Bf1 Qf2 49. Qe2 Qf4 50. a5 Rd7 51. Bg2 Rd2 52. Qf1 Rf2 53. Qd3 Ra2 54. Kg1 Rxa5 55. Bf1 Ra2 56. Be2 Rd2 57. Qf3 Qxf3 58. Bxf3 Rd3 0-1

[Event "Klatovy op 27th"]
[Site "Klatovy"]
[Date "2019.06.29"]
[Round "1"]
[White "Dolezal, Radoslav"]
[Black "Turner, Radek"]
[Result "1-0"]
[WhiteElo "2374"]
[BlackElo "2023"]
[PlyCount "71"]
[EventDate "2019.06.29"]
[EventType "swiss"]
[EventRounds "9"]
[EventCountry "CZE"]
[SourceTitle "EXT 2020"]
[Source "ChessBase"]
[SourceDate "2019.10.17"]
[SourceVersion "1"]
[SourceVersionDate "2019.10.17"]
[SourceQuality "1"]

1. d4 Nf6 2. Bg5 c5 3. Bxf6 gxf6 4. d5 Qa5+ 5. Qd2 Qxd2+ 6. Nxd2 d6 7. e3 Bg7 8. Bb5+ Nd7 9. Ne2 a6 10. Bxd7+ Kxd7 11. a4 b6 12. Ng3 Kc7 13. Nc4 Bb7 14. e4 Rhg8 15. 0-0 e6 16. Rfd1 Rad8 17. c3 Bf8 18. a5 b5 19. Nb6 Be7 20. Rd3 Rg4 21. f3 Rh4 22. Ne2 Rg8 23. g3 f5 24. exf5 exf5 25. Re3 Bf6 26. f4 Rhg4 27. Kf2 Rb8 28. Re1 Rgg8 29. Ng1 Kd8 30. Nf3 Bc8 31. Ng5 Rg7 32. Re8+ Kc7 33. Rf8 h6 34. Nxf7 Bb7 35. Rxb8 Kxb8 36. Nxd6 1-0

[Event "CZE-chT1W 1819"]
[Site "Czech Republic"]
[Date "2018.12.09"]
[Round "4.8"]
[White "Netusil, Miloslav"]
[Black "Turner, Radek"]
[Result "0-1"]
[WhiteElo "2234"]
[BlackElo "2008"]
[PlyCount "136"]
[EventDate "2018.10.21"]
[EventType "team-tourn"]
[EventRounds "11"]
[EventCountry "CZE"]
[SourceTitle "CBM 187 Extra"]
[Source "ChessBase"]
[SourceDate "2018.11.04"]
[SourceVersion "1"]
[SourceVersionDate "2018.11.04"]
[SourceQuality "1"]
[WhiteTeam "Vysehrad"]
[BlackTeam "Kozolupy"]
[WhiteTeamCountry "CZE"]
[BlackTeamCountry "CZE"]

1. d4 Nf6 2. Nf3 g6 3. Bf4 c5 4. e3 Bg7 5. c3 Qb6 6. Na3 d6 7. Qb3 Be6 8. dxc5 Qxc5 9. Qxb7 0-0 10. Qb5 Nbd7 11. Nd4 Rab8 12. Qxc5 Nxc5 13. 0-0-0 Bxa2 14. Bg3 Nb3+ 15. Nxb3 Bxb3 16. Rd3 Rfc8 17. Nc2 Ne4 18. Nd4 Nc5 19. Rd2 Be6 20. Rc2 Nb3+ 21. Kd1 Nxd4 22. exd4 Bb3 23. Bd3 Bxc2+ 24. Kxc2 Bxd4 25. f4 Kg7 26. Rd1 Bb6 27. Re1 Rc7 28. f5 gxf5 29. Bxf5 e6 30. Be4 Rd8 31. Rd1 Rcd7 32. Bc6 Rc7 33. Bf3 Rcd7 34. Bc6 Rc7 35. Bf3 d5 36. Bxc7 Bxc7 37. h3 Bb6 38. Re1 Rc8 39. Re2 Kf6 40. Kd3 Rd8 41. c4 dxc4+ 42. Kxc4 e5 43. Bd5 Rc8+ 44. Kd3 Bd4 45. Rc2 Rd8 46. Ke4 Rd7 47. b3 Kg5 48. g4 h5 49. Rg2 Kh4 50. Bc6 Rd6 51. Rc2 hxg4 52. hxg4 Kxg4 53. Rg2+ Kh3 54. Rc2 Rf6 55. Bd7+ Kg3 56. Bf5 Rb6 57. Rc7 Rxb3 58. Rxf7 Re3+ 59. Kd5 Rf3 60. Rg7+ Kf2 61. Be4 Rg3 62. Rc7 Rc3 63. Rb7 Ke3 64. Bh7 a5 65. Rg7 a4 66. Bb1 a3 67. Rg2 Rc5+ 68. Ke6 Rb5 0-1

[Event "Prague Summer op-A 5th"]
[Site "Prague"]
[Date "2018.08.05"]
[Round "4"]
[White "Turner, Radek"]
[Black "Kizatbay, Abyl"]
[Result "1/2-1/2"]
[WhiteElo "2025"]
[BlackElo "2205"]
[PlyCount "82"]
[EventDate "2018.08.03"]
[EventType "swiss"]
[EventRounds "9"]
[EventCountry "CZE"]
[SourceTitle "CBM 185 Extra"]
[Source "ChessBase"]
[SourceDate "2018.07.29"]
[SourceVersion "1"]
[SourceVersionDate "2018.07.29"]
[SourceQuality "1"]

1. c4 e5 2. g3 Nf6 3. Bg2 c6 4. d4 e4 5. Nc3 d5 6. cxd5 cxd5 7. Bg5 Nbd7 8. Qb3 Bd6 9. Nh3 h6 10. Bf4 Bxf4 11. Nxf4 Nb6 12. h4 0-0 13. e3 Bg4 14. Rc1 Rc8 15. a4 a5 16. Qb5 Ra8 17. Qb3 g5 18. hxg5 hxg5 19. Nh3 Nh7 20. Ng1 Nf6 21. Nh3 Nh7 22. Ng1 Kg7 23. Nxd5 Nxd5 24. Rxh7+ Kxh7 25. Bxe4+ Kg7 26. Qxd5 Rc8 27. Rxc8 Qxd5 28. Bxd5 Rxc8 29. Kd2 Bd7 30. b3 b5 31. axb5 Bxb5 32. Nf3 f6 33. Be6 Rb8 34. d5 Be8 35. Nd4 Bf7 36. Bxf7 Kxf7 37. e4 a4 38. bxa4 Rb4 39. Ke3 Rxa4 40. Nf5 Ra3+ 41. Ke2 Ra2+ 1/2-1/2

[Event "CZE-chT2A 1718"]
[Site "Czech Republic"]
[Date "2017.12.03"]
[Round "4.8"]
[White "Turner, Radek"]
[Black "Prochazka, Jiri1111"]
[Result "1-0"]
[WhiteElo "2018"]
[BlackElo "2059"]
[PlyCount "61"]
[EventDate "2017.10.15"]
[EventType "team-tourn"]
[EventRounds "11"]
[EventCountry "CZE"]
[SourceTitle "EXT 2022"]
[Source "ChessBase"]
[SourceDate "2021.10.06"]
[SourceVersion "1"]
[SourceVersionDate "2021.10.06"]
[SourceQuality "1"]
[WhiteTeam "Kozolupy"]
[BlackTeam "Praha Vrsovice"]
[WhiteTeamCountry "CZE"]
[BlackTeamCountry "CZE"]

1. c4 f5 2. g3 Nf6 3. Bg2 e6 4. Nf3 d5 5. 0-0 c6 6. d3 Be7 7. Nc3 0-0 8. e4 a5 9. cxd5 exd5 10. exd5 Nxd5 11. Nxd5 Qxd5 12. Ng5 Qb5 13. a4 Qb6 14. Qc2 Bxg5 15. Qc4+ Kh8 16. Bxg5 Na6 17. Be7 Rg8 18. d4 Bd7 19. Rae1 Rae8 20. Re2 Qc7 21. Rfe1 f4 22. d5 fxg3 23. hxg3 Qc8 24. Qh4 Bf5 25. d6 Nb4 26. Rd2 b5 27. Re5 Nd3 28. Rxf5 Qxf5 29. Be4 g5 30. Bxf5 gxh4 31. Bf6+ 1-0